Hướng dẫn làm bài tập và ôn tập Vật lí 10

Sách gồm 7 chương trình bày các dạng bài tập về động học chất điểm, động lực học chất điểm, cân bằng và chuyển động của vật rắn, các định luật bảo toàn, chất khí, cơ sở của nhiệt động lực học, chất rắn và chất lỏng - sự chuyể...

Täydet tiedot

Tallennettuna:
Bibliografiset tiedot
Päätekijä: Bùi, Gia Thịnh
Aineistotyyppi: Kirja
Kieli:Undetermined
Julkaistu: Hà Nội Giáo dục 2006
Aiheet:
Tagit: Lisää tagi
Ei tageja, Lisää ensimmäinen tagi!
Thư viện lưu trữ: Trung tâm Học liệu Trường Đại học Cần Thơ
LEADER 01045nam a2200217Ia 4500
001 CTU_197383
008 210402s9999 xx 000 0 und d
020 |c 19500 
082 |a 530.076 
082 |b Th312 
100 |a Bùi, Gia Thịnh 
245 0 |a Hướng dẫn làm bài tập và ôn tập Vật lí 10 
245 0 |c Bùi Gia Thịnh chủ biên 
260 |a Hà Nội 
260 |b Giáo dục 
260 |c 2006 
520 |a Sách gồm 7 chương trình bày các dạng bài tập về động học chất điểm, động lực học chất điểm, cân bằng và chuyển động của vật rắn, các định luật bảo toàn, chất khí, cơ sở của nhiệt động lực học, chất rắn và chất lỏng - sự chuyển thể. 
650 |a Physics,Vật lý 
650 |x Problems, exericses, etc.,Câu hỏi và bài tập 
904 |i Hải 
980 |a Trung tâm Học liệu Trường Đại học Cần Thơ